Lucky Luke Album Cover Quiz - Statistiken

Allgemein
  • Dieses Quiz wurde 52 mal gespielt
    37 seit der letzten Aktualisierung
  • Das Durchschnittsergebnis liegt bei 41 aus 88
Antwortstatistiken
Bildquiz Hint Antwort % Korrekt
# 72 Marcel Dalton
100%
#20 Am Mississippi
89%
#37 Billy the Kid
89%
#15 Die Postkutsche
83%
# 47 Ma Dalton
83%
#22 Calamity Jane
78%
#16 Das Greenhorn
78%
# 38 Jesse James
78%
# 93 Meine Onkel, die Daltons
78%
# 61 Der Apachen-Canyon
72%
# 43 Der Kopfgeldjäger
72%
#18 Der singende Draht
72%
#40 Daisy Town
67%
#53 Die Erbschaft von Rantanplan
67%
#48 Die Verlobte von Lucky Luke
67%
# 24 Lucky Luke gegen Joss Jamon
67%
#19 Lucky Luke reitet für die 20er Kavallerie
67%
# 52 Nitroglyzerin
67%
# 73 Oklahoma Jim
67%
#34 Stacheldraht auf der Prärie
67%
# 46 Der Großfürst
61%
#57 Der Kaiser von Amerika
61%
#56 Der Pony-Express
61%
# 31 Der Richter
61%
# 50 Der weiße Kavalier
61%
# 25 Die Daltons im Blizzard
61%
# 54 Die Daltons und der Psycho-Doc
61%
# 26 Familienkrieg in Painful Gulch
61%
# 32 Im Schatten der Bohrtürme
61%
# 96 Mitten ins Schwarze
61%
# 35 Sarah Bernhardt
61%
# 29 Auf nach Oklahoma!
56%
# 42 Der Galgenstrick und andere Geschichten
56%
#87 Lucky Luke gegen Pat Poker
56%
# 28 Tortillas für die Daltons
56%
# 62 Western Circus
56%
#36 Dalton City
50%
#45 Der Daily Star
50%
#33 Der einarmige Bandit
50%
# 68 Die Brücke am Ol`Man River
50%
# 44 Die Eskorte
50%
# 64 Goldrausch!
50%
# 89 Lucky Kid
50%
# 88 Lucky Luke gegen Pinkerton
50%
#21 Vetternwirtschaft
50%
# 70 Am Klondike
44%
# 51 Der falsche Mexikaner
44%
# 74 Der Prophet
44%
# 60 Die Daltons auf dem Kriegspfad
44%
#27 Die Daltons auf Schatzsuche
44%
# 30 Die Daltons bewähren sich
44%
#17 Die Daltons brechen aus
44%
#41 Fingers
44%
# 63 Gedächtnisschwund
44%
# 69 Belle Starr
39%
#23 Den Daltons auf der Spur
39%
# 49 Die Dalton-Ballade und andere Geschichten
39%
# 79 Die Eisenbahn durch die Prärie
39%
# 59 Die schwarzen Berge
39%
# 39 Kalifornien oder Tod
39%
# 55 Das Alibi und andere Geschichten
33%
# 86 Das Elixier von Doc Doxey
33%
#80 Die Daltons in der Schlinge
33%
# 58 Die Geisterranch und andere Storys
33%
#99 Fackeln im Baumwollfeld
33%
# 67 High Noon in Hadley City
33%
# 83 Lucky Luke gegen Phil Steel
33%
#101 Rantanplans Arche
33%
#75 Der Kunstmaler
28%
#65 Die Jagd nach dem Phantom
28%
#97 Ein Cowboy in Paris
28%
# 66 Eine Woche Wilder Westen
28%
#71 O.K. Corral
28%
# 82 Am Fluss der rosa Biber
22%
#84 Der Mann aus Washington
22%
# 94 Martha Pfahl
22%
# 77 Schikane in Quebec
22%
# 78 Die Reisschlacht
17%
#100 Die Ursprünge – Western von Gestern
17%
#85 Westwärts / Texas und kein Ende
17%
#95 Das gelobte Land
11%
# 92 Ein Menü mit blauen Bohnen
11%
# 98 Volle Fahrt voraus
11%
# 90 Auf eigene Faust
6%
# 81 Die Gesetzlosen
6%
# 91 Ein starker Wurf
6%
#102 Letzte Runde für die Daltons
6%
# 76 Eine Wildwest Legende
0%
Keine übereinstimmenden Quizze gefunden
Verteilung der Resultate
Anzahl Personen mit jedem Resultat
Perzentil nach korrekt beantworteten Fragen
Ihre Resultats-Entwicklung
Sie haben dieses Quiz seit der letzten Aktualisierung nicht gespielt